L'amico degli ultimi : Don Gallo visto dalle princesas /

Uloženo v:
Podrobná bibliografie
Hlavní autor: Bianchi, Rossella, (1942- ) (Autor)
Médium: Kniha
Jazyk:italština
Vydáno: Reggio Emilia : Imprimatur, 2018
Témata:
Tagy: Přidat tag
Žádné tagy, Buďte první, kdo vytvoří štítek k tomuto záznamu!

MARC

LEADER 00000nam a2200000 i 4500
001 IT\ICCU\LIG\0281314
003 ItRI
005 20260309134827.0
008 180531s2018 it |||||| ||||| |||||c
015 |2 IT  |a 2018-12293 
020 |a 9788868306502 
040 |b ita  |c ct 
041 7 |a ita  |2 ISO-639-2 
082 |a 306.7680922  |2 23 
100 1 |a Bianchi, Rossella,  |d  (1942- )  |0 IT\ICCU\CFIV\321154  |4 aut 
245 1 2 |a L'amico degli ultimi :  |b Don Gallo visto dalle princesas /  |c Rossella Bianchi. 
260 |a Reggio Emilia :  |b Imprimatur,  |c 2018 
300 |a 107 p. ;  |c 19 cm 
650 7 |a Transessuali  |x Rapporti [con] Gallo, Andrea <1928-2013>  |x Memorie  |2 nsbncf 
942 |2 ddc  |c BK 
999 |c 28898  |d 28898